000 01818nam a22003017a 4500
005 20100803115855.0
010 _aENG-97867 B-423557-560
020 _a9788120341104
_c195.00
035 _aEN-81400
035 _a B-423557-560
037 _bDBAD/PUB
037 _bAllied Publishers
082 _a370.152
100 _aGowda, N Sukumar
_930835
245 _aLearning and the learner :
_bInsights into the processes of learning and teaching /
_cby N Sukumar Gowda
260 _aNew Delhi
_bPHI Learning
_c2010
270 _aM-97, Connaught Circus
_bNew Delhi
_e110006
300 _aviii,244p
_c22cm(pbk)
500 _aincludes bibliographical references and index
650 _alearning Psychology
_930836
942 _2ddc
_cEN
_h370.152
_mGOW
999 _c38900
_d38900